000 01420nam2a22002411 4500
001 v19\rc\1200946
005 20250617213833.0
035 _a(NLR Aleph) 004366524
090 _a3442665
_c3442665
100 _a20060306d1894 |||y0rusy50 ca
101 0 _arus
102 _aRU
105 _ay z |||||
200 1 _a... очередному 1894 года. О введении в действие высочайше утвержденного 10-го июня 1893 года Устава лечебных заведений
210 _d1894
_aБ. м.
215 _a47 с. разд. паг.
461 0 _1001v19\rc\1200913
_12001#$aДоклад Губернской земской управы Земскому собранию...$v... очередному 1894 года$90
_93442242
_aВладимирская губернская земская управа
_c[Владимир губ.
_d1866]-1917
_tДоклад Губернской земской управы Земскому собранию...
_v... очередному 1894 года$90
517 0 _aО введении в действие высочайше утвержденного десятого июня тысяча восемьсот девяносто третьего года Устава лечебных заведений
801 0 _aRU
_bNLR
_gpsbo
801 1 _aRU
_bProSoft-M
_2rusmarc
852 _aNLR
_bЗем
_j6/Д13
942 _cBOOK
980 _aNB